Chaîne de mots - Inazuma Eleven OG - Statistiques

Statistiques générales
  • Ce quiz a été pris 385 fois
  • Le résultat moyen est 14 sur 30
Statistiques - réponses
Hint Réponse % Correct
Techinque interdite de Joseph King. Morsure Sauvage
86%
Ami de Mark. Se déplace aussi vite que le vent ! Nathan Swift
86%
Nom extraterrestre de Xavier Foster. Xene
76%
Collège de Shawn Froste situé à Hokkaido. Alpin
75%
Equipe de première divisionde l'Academie Alius. Epsilon
68%
Plus jeune joueur du FFI. Austin Hobbes
64%
Technique de tir du meilleur gardien du FFI. Rayon X
62%
Nom de la sélection des Etats-Unis. Licornes
61%
Une technique extraterrestre dépassant les limites du football. tir combiné à 3 de Genesis. Supernova
58%
L'ultime équipe boostée à la pierre Alius. Empereurs Noirs
55%
Alias Mister D, grand commandant de la Royal Academy. Ray Dark
55%
Le fier leader de la Sky Team. Il règne avec une tête froide. Sael
54%
Plus son utilisateur est loin, plus le tir devient puissant. Excalibur
51%
...1, 2, 3, X ou spatiaux. Manchots Empereurs
49%
Son équipe est composée de Ninja. Shuriken
48%
Ancien collège d'Axel Blaze, 3 frèresen sont jaloux. Kirkwood
47%
Meilleure défense du FootballFrontier. Terria
44%
Sport que Nathan Swift a abandonné pour rejoindre Raimon. Athletisme
40%
Symbole de la ville d'Inazuma. Eclair
39%
Le météore blanc en est le joueur phare. Orphee
35%
Partage le même doubleur françaisque Sacha de Pokemon. (joueur du premier onze de Raimon.) Steve Grim
30%
Nom originel de l'équipe Genesis. Gaia
28%
Technique de tir puissante de Xavier Foster. Météore Géant
24%
Attaquant plus ou moins connueà la Tornade de feu. Neil Turner
23%
Technique de tir combiné entreSteve Grim et Maxwell Carson. Revolution V
22%
L'armée des démons menée parDestra. Dark Team
21%
Les mouvements sont si rapides que l'adversaire croit voir triple. Technique de dribbles. Detriplement
18%
Tori, fille du président Vanguard. Victoria Vanguard
16%
Colosse au grand cœur qui veille sur ses proches. Thor Stoutberg
14%
Sa détente hors du commun lui permet d'arrêter tous les tirs. Nero
13%
Aucun quiz correspondant
Distribution des résultats
% des personnes avec chaque résultat
Percentile par nombre de réponses
Votre historique - résultats
Vous n’avez pas pris ce quiz